LEADER 01987oam 2200601 450 001 9910713941603321 005 20201016091254.0 035 $a(CKB)5470000002506248 035 $a(OCoLC)682024129$z(OCoLC)624919664$z(OCoLC)667850901$z(OCoLC)974644247$z(OCoLC)1153329674 035 $a(OCoLC)995470000002506248 035 $a(EXLCZ)995470000002506248 100 $a20101117d1985 ua 0 101 0 $aeng 135 $aurbn||||||||| 181 $ctxt$2rdacontent 182 $cc$2rdamedia 183 $acr$2rdacarrier 200 10$aGeochemical controls on dissolved sodium in basalt aquifers of the Columbia Plateau, Washington /$fby P.P. Hearn [and three others] 210 1$aTacoma, Washington :$cUnited States Department of the Interior, Geological Survey,$d1985. 215 $a1 online resource (v, 38 pages) $cillustrations, maps 225 1 $aWater-resources investigations report ;$v84-4304 320 $aIncludes bibliographical references (pages 36-38). 606 $aGeochemistry$zColumbia Plateau 606 $aGroundwater$zColumbia Plateau 606 $aBasalt$zColumbia Plateau 606 $aAquifers$zColumbia Plateau 606 $aAquifers$2fast 606 $aBasalt$2fast 606 $aGeochemistry$2fast 606 $aGroundwater$2fast 607 $aUnited States$zColumbia Plateau$2fast 615 0$aGeochemistry 615 0$aGroundwater 615 0$aBasalt 615 0$aAquifers 615 7$aAquifers. 615 7$aBasalt. 615 7$aGeochemistry. 615 7$aGroundwater. 700 $aHearn$b Paul P.$01398230 712 02$aGeological Survey (U.S.), 801 0$bOCLCE 801 1$bOCLCE 801 2$bOCLCQ 801 2$bOCLCF 801 2$bOCLCO 801 2$bOCLCQ 801 2$bCOP 801 2$bGPO 906 $aBOOK 912 $a9910713941603321 996 $aGeochemical controls on dissolved sodium in basalt aquifers of the Columbia Plateau, Washington$93486307 997 $aUNINA LEADER 02154oas 2200625 a 450 001 9910698665503321 005 20251105213014.0 011 $a1948-6715 035 $a(OCoLC)310354943 035 $a(CONSER) 2009230524 035 $a(CKB)1000000000750806 035 $a(EXLCZ)991000000000750806 100 $a20090223a20049999 ua a 101 0 $aeng 135 $aur||||||||||| 181 $ctxt$2rdacontent 182 $cc$2rdamedia 183 $acr$2rdacarrier 200 00$aGenetic and environmental parameters for yield traits across varying herd sizes, production levels and lactation number ... annual report 210 $aWashington, D.C. $cU.S. Dept. of Agriculture, Agricultural Research Service 215 $cHTML files 606 $aCows$zUnited States$xGenetics$vPeriodicals 606 $aGenotype-environment interaction$zUnited States$vPeriodicals 606 $aCows$xProductivity$zUnited States$xForecasting$vPeriodicals 606 $aMilk yield$zUnited States$xForecasting$vPeriodicals 606 $aGenotype-environment interaction$2fast$3(OCoLC)fst00940233 607 $aUnited States$2fast$1https://id.oclc.org/worldcat/entity/E39PBJtxgQXMWqmjMjjwXRHgrq 608 $aPeriodicals.$2fast 608 $aPeriodicals.$2lcgft 615 0$aCows$xGenetics 615 0$aGenotype-environment interaction 615 0$aCows$xProductivity$xForecasting 615 0$aMilk yield$xForecasting 615 7$aGenotype-environment interaction. 676 $a636 712 02$aFood Animal Production National Program (U.S.) 712 02$aUnited States.$bAgricultural Research Service. 801 0$bGPO 801 1$bGPO 801 2$bDLC 801 2$bGPO 801 2$bOCLCQ 801 2$bOCLCA 801 2$bOCLCQ 801 2$bOCLCA 801 2$bGILDS 801 2$bOCLCO 801 2$bOCLCF 801 2$bOCLCQ 801 2$bOCLCL 801 2$bOCLCQ 906 $aJOURNAL 912 $a9910698665503321 996 $aGenetic and environmental parameters for yield traits across varying herd sizes, production levels and lactation number ... annual report$93196900 997 $aUNINA